Countries with the highest homicide rates - Statistics

General Stats
  • This quiz has been taken 17 times
  • The average score is 7 of 10
Answer Stats
homicide rate country % Correct
30.8 Colombia
88%
41.1 El Salvador
88%
39.9 Guatemala
88%
90.4 Honduras
88%
53.7 Venezuela
76%
44.7 Belize
71%
39.3 Jamaica
65%
31.0 South Africa
47%
33.6 Saint Kitts And Nevis
35%
33.8 Eswatini
18%
No matching quizzes found
Score Distribution
Percent of People with Each Score
Percentile by Number Answered
Your Score History
You have not taken this quiz